[Event "Africa-ch"]
[Site "Lilongwe"]
[Date "2021.05.25"]
[Round "7"]
[White "Mwangupili, Francisco"]
[Black "Calicoca, Wilton Inacio"]
[Result "0-1"]
[WhiteElo "1897"]
[BlackElo "2122"]
[PlyCount "96"]
[EventDate "2021.05.18"]
[EventType "swiss"]
[EventRounds "9"]
[EventCountry "MWI"]
[SourceTitle "EXT 2022"]
[Source "ChessBase"]
[SourceDate "2021.10.06"]
[SourceVersion "1"]
[SourceVersionDate "2021.10.06"]
[SourceQuality "1"]

1. d4 d5 2. c4 c6 3. Nc3 Nf6 4. Bf4 e6 5. e3 Bd6 6. Bxd6 Qxd6 7. Nf3 Nbd7 8. Bd3 dxc4 9. Bxc4 0-0 10. 0-0 b5 11. Bd3 a6 12. e4 e5 13. Re1 Re8 14. Ne2 g6 15. Qd2 exd4 16. Nexd4 c5 17. Nc2 Bb7 18. Rad1 Ne5 19. Nxe5 Qxe5 20. b3 Rad8 21. f4 Qb2 22. e5 Ne4 23. Qe3 Nc3 24. Rd2 Nd5 25. Qf2 Qc3 26. Be4 Nxf4 27. Rxd8 Rxd8 28. Bxb7 Nd3 29. Re3 c4 30. Be4 Nxf2 31. Rxc3 Nxe4 32. Re3 Rd1+ 33. Ne1 c3 34. Rxe4 c2 35. Kf2 c1Q 36. Nf3 Qc5+ 37. Kg3 Rd3 38. Re2 Qd5 39. h3 g5 40. Kh2 Rxf3 41. gxf3 Qxf3 42. Rg2 Qf4+ 43. Kg1 Qxe5 44. Kf2 Qf4+ 45. Kg1 f5 46. Kh1 h5 47. a4 bxa4 48. bxa4 a5 0-1